Football Clubs Managed by Steve Bruce - Statistics

General Stats
  • This quiz has been taken 248 times
    57 since last reset
  • The average score is 7 of 12
Answer Stats
Club % Correct
Newcastle United
85%
Hull City
81%
Sunderland
81%
Birmingham City
62%
Aston Villa
55%
Blackpool
55%
West Bromwich Albion
55%
Crystal Palace
51%
Wigan Athletic
47%
Huddersfield Town
42%
Sheffield Wednesday
42%
Sheffield United
40%
No matching quizzes found
Score Distribution
Percent of People with Each Score
Percentile by Number Answered
Your Score History
You have not taken this quiz since the last reset